[Event "Czech Open Rapid 2019"]
[Site "Pardubice"]
[Date "2019.07.18"]
[Round "5.22"]
[White "Vittorino, Carlo Giovanni"]
[Black "Pulpan, Jakub"]
[Result "1/2-1/2"]
[WhiteElo "2282"]
[BlackElo "2414"]
[Annotator "TA"]
[PlyCount "88"]
[EventDate "2019.07.17"]
[EventType "swiss"]
[EventCountry "CZE"]
[SourceTitle "playchess.com"]
[Source "ChessBase"]
[SourceQuality "1"]

1. d4 Nf6 2. c4 e6 3. Nf3 d5 4. Nc3 c5 5. cxd5 Nxd5 6. e4 Nxc3 7. bxc3 cxd4 8. cxd4 Bb4+ 9. Bd2 Bxd2+ 10. Qxd2 O-O 11. Bc4 Nd7 12. O-O b6 13. Rfe1 Bb7 14. Rad1 Rc8 15. Bb3 Re8 16. Qf4 Nf6 17. Ne5 Qd6 18. f3 b5 19. Qd2 Qb6 20. a4 a6 21. axb5 axb5 22. Qb4 Rcd8 23. Rd2 Nd7 24. Nxd7 Rxd7 25. Kh1 Red8 26. Red1 h5 27. h3 h4 28. d5 e5 29. Rc2 Rd6 30. Rc5 Ba6 31. Rdc1 Kh7 32. Rc6 Qb8 33. Qa5 Bc8 34. Qc7 Rxc6 35. Rxc6 Bd7 36. Qxb8 Rxb8 37. Rc7 Rd8 38. Kg1 Kg6 39. Kf2 Kf6 40. d6 g6 41. Ke3 g5 42. Bd5 Be6 43. Bxe6 Kxe6 44. Rb7 Rxd6 1/2-1/2

[Event "Czech Open Rapid 2019"]
[Site "Pardubice"]
[Date "2019.07.18"]
[Round "5.22"]
[White "Tarakanov, Oleg"]
[Black "Roskova, Katerina"]
[Result "1-0"]
[WhiteElo "2118"]
[BlackElo "1972"]
[Annotator "NA"]
[PlyCount "97"]
[EventDate "2019.07.17"]
[EventType "swiss"]
[EventCountry "CZE"]
[SourceTitle "playchess.com"]
[Source "ChessBase"]
[SourceQuality "1"]

1. e4 c5 2. Nf3 e6 3. c3 d5 4. e5 Ne7 5. d4 Nbc6 6. Bb5 cxd4 7. cxd4 Qb6 8. Nc3 a6 9. Bxc6+ bxc6 10. O-O a5 11. Be3 Ba6 12. Na4 Qc7 13. Re1 Nf5 14. Rc1 Nxe3 15. Rxe3 Bb4 16. a3 Be7 17. Rec3 Bb5 18. Nc5 a4 19. Ne1 O-O 20. Qh5 g6 21. Qh6 Bxc5 22. Rxc5 Bc4 23. Qg5 Ra5 24. Rxa5 Qxa5 25. Nf3 Qd8 26. h4 Qxg5 27. hxg5 Rb8 28. Rc2 Bd3 29. Rd2 Bc4 30. Nh2 Rb5 31. Ng4 c5 32. dxc5 Rxc5 33. Nf6+ Kg7 34. Rd4 Rc8 35. Rh4 Rh8 36. Rh6 Ba6 37. f3 Rc8 38. Rxh7+ Kf8 39. Rh8+ Ke7 40. Rxc8 Bxc8 41. Kf2 Kd8 42. Ke3 Kc7 43. Kd4 Kc6 44. Ne8 Ba6 45. Nd6 Bf1 46. g3 Bg2 47. f4 Be4 48. Nxf7 Bc2 49. Nd6 1-0

[Event "Czech Open Rapid 2019"]
[Site "Pardubice"]
[Date "2019.07.18"]
[Round "5.23"]
[White "Frolov, Aleksey G."]
[Black "Potapov, Alexander"]
[Result "1-0"]
[WhiteElo "2174"]
[BlackElo "2409"]
[Annotator "TA"]
[PlyCount "115"]
[EventDate "2019.07.17"]
[EventType "swiss"]
[EventCountry "CZE"]
[SourceTitle "playchess.com"]
[Source "ChessBase"]
[SourceQuality "1"]

1. e4 e5 2. Nf3 Nc6 3. Bb5 Nd4 4. Nxd4 exd4 5. O-O Bc5 6. Bc4 Qh4 7. g3 Qh3 8. d3 Nf6 9. Qf3 d6 10. Bg5 Bg4 11. Qf4 O-O 12. Bxf6 gxf6 13. Qxf6 Qh5 14. f3 Bd7 15. Nd2 b5 16. Bb3 Rae8 17. g4 Qg6 18. Qh4 Kh8 19. Kh1 a5 20. a3 a4 21. Ba2 Bb6 22. Rg1 Ba5 23. Nf1 Be6 24. f4 Bxa2 25. f5 Qg8 26. Rxa2 f6 27. Ra1 d5 28. g5 fxg5 29. Rxg5 Qf7 30. Ng3 c5 31. Qh6 Bd2 32. Rf1 Bxg5 33. Qxg5 dxe4 34. dxe4 Qf6 35. Qf4 Qe5 36. Qh6 Rf6 37. Qh4 c4 38. Qg5 Rd6 39. Rd1 Rg8 40. Qd2 Rxg3 41. hxg3 Qxg3 42. Rg1 Qf3+ 43. Rg2 Qh5+ 44. Rh2 Qf3+ 45. Rg2 h6 46. e5 Qh5+ 47. Kg1 Rd5 48. Rg6 Kh7 49. Qg2 Qd1+ 50. Kh2 Qh5+ 51. Kg1 Qd1+ 52. Kh2 Qh5+ 53. Kg1 Rd7 54. e6 Ra7 55. Qg4 Qxg4+ 56. Rxg4 h5 57. Rxd4 Kg7 58. Rd7+ 1-0

[Event "Czech Open Rapid 2019"]
[Site "Pardubice"]
[Date "2019.07.18"]
[Round "5.23"]
[White "Bares, Jachym"]
[Black "Chovanec, Vladimir"]
[Result "1/2-1/2"]
[WhiteElo "2015"]
[BlackElo "2047"]
[Annotator "NA"]
[PlyCount "76"]
[EventDate "2019.07.17"]
[EventType "swiss"]
[EventCountry "CZE"]
[SourceTitle "playchess.com"]
[Source "ChessBase"]
[SourceQuality "1"]

1. e4 g6 2. d4 c6 3. Nc3 d5 4. e5 Bg7 5. f4 h5 6. Nf3 Nh6 7. Bd3 Bf5 8. O-O e6 9. Ne2 O-O 10. b3 Nd7 11. a4 Bxd3 12. Qxd3 b6 13. Ba3 Re8 14. Ng5 Nf5 15. Ng3 Nxg3 16. hxg3 c5 17. c3 Rc8 18. Rac1 c4 19. bxc4 Rxc4 20. Qd1 Bf8 21. Bxf8 Kxf8 22. g4 hxg4 23. Qxg4 Kg7 24. Rf3 Rh8 25. Rh3 Rxa4 26. Rf1 Rxh3 27. Qxh3 Qh8 28. Qxh8+ Kxh8 29. Nxf7+ Kg8 30. Ng5 Nf8 31. Kf2 Rc4 32. Ra1 a5 33. Ra3 a4 34. Ke2 b5 35. Kd3 b4 36. cxb4 Rxb4 37. Rc3 Rb2 38. Rc8 Kg7 1/2-1/2

[Event "Czech Open Rapid 2019"]
[Site "Pardubice"]
[Date "2019.07.18"]
[Round "5.24"]
[White "Jirovsky, Pavel"]
[Black "Chirivi C, Jenny Astrid"]
[Result "1-0"]
[WhiteElo "2332"]
[BlackElo "2089"]
[Annotator "NA"]
[PlyCount "87"]
[EventDate "2019.07.17"]
[EventType "swiss"]
[EventCountry "CZE"]
[SourceTitle "playchess.com"]
[Source "ChessBase"]
[SourceQuality "1"]

1. d4 d5 2. Nf3 Nf6 3. c4 c6 4. Qc2 dxc4 5. Qxc4 b5 6. Qc2 Bb7 7. g3 e6 8. Bg2 Nbd7 9. O-O c5 10. a4 b4 11. Nbd2 Rc8 12. Qd3 Be7 13. b3 cxd4 14. Nxd4 Bxg2 15. Kxg2 O-O 16. Bb2 Nc5 17. Qb1 Qd5+ 18. f3 Rfd8 19. e4 Qh5 20. Rd1 Bf8 21. Ra2 e5 22. Nf5 Nd3 23. Nc4 Nxb2 24. Rxd8 Rxd8 25. Qxb2 g6 26. Qxe5 gxf5 27. Qxf6 Rd3 28. Ne5 Rxb3 29. exf5 Bg7 30. Qd8+ Bf8 31. g4 Qh6 32. Qd5 Rc3 33. Nxf7 Qc6 34. Nh6+ Kg7 35. Qg8+ Kxh6 36. Qxf8+ Kg5 37. Qg7+ Kf4 38. Qd4+ Kg5 39. Rf2 a5 40. Qg7+ Kf4 41. h4 Ke3 42. Qe5+ Kd3 43. f6 Kc4 44. f7 1-0

[Event "Czech Open Rapid 2019"]
[Site "Pardubice"]
[Date "2019.07.18"]
[Round "5.24"]
[White "JIRES, Jiri"]
[Black "Iro, Christian"]
[Result "1-0"]
[WhiteElo "1957"]
[BlackElo "2077"]
[Annotator "NA"]
[PlyCount "91"]
[EventDate "2019.07.17"]
[EventType "swiss"]
[EventCountry "CZE"]
[SourceTitle "playchess.com"]
[Source "ChessBase"]
[SourceQuality "1"]

1. e4 c6 2. c4 d5 3. exd5 cxd5 4. d4 Nf6 5. Nc3 Nc6 6. Nf3 Bg4 7. cxd5 Nxd5 8. Qb3 Bxf3 9. gxf3 Nxd4 10. Qxb7 e6 11. Bb5+ Nxb5 12. Qc6+ Ke7 13. Qxb5 Qd7 14. Nxd5+ Qxd5 15. Qxd5 exd5 16. Be3 Ke6 17. O-O-O Bb4 18. a3 Rac8+ 19. Kb1 Bc5 20. Rhg1 g6 21. Rge1 Bxe3 22. fxe3 Rc4 23. Rd2 f5 24. Red1 Rd8 25. Rd4 Rxd4 26. Rxd4 Ke5 27. Kc2 Rc8+ 28. Kd3 g5 29. h4 h6 30. Ra4 Rc4 31. Rxa7 Rxh4 32. b4 g4 33. f4+ Kd6 34. Ra6+ Kc7 35. Ke2 Rh2+ 36. Kf1 Rh3 37. Kf2 h5 38. Rf6 Rf3+ 39. Ke2 d4 40. exd4 Rxf4 41. Rh6 Rxd4 42. Rxh5 f4 43. Rg5 f3+ 44. Ke3 Rf4 45. Kxf4 f2 46. Rc5+ 1-0

[Event "Czech Open Rapid 2019"]
[Site "Pardubice"]
[Date "2019.07.18"]
[Round "5.25"]
[White "Movsesian, Julia"]
[Black "Ibrahim, Emad Eldin"]
[Result "1/2-1/2"]
[WhiteElo "2330"]
[BlackElo "2042"]
[Annotator "NA"]
[PlyCount "70"]
[EventDate "2019.07.17"]
[EventType "swiss"]
[EventCountry "CZE"]
[SourceTitle "playchess.com"]
[Source "ChessBase"]
[SourceQuality "1"]

1. e4 c5 2. Nf3 g6 3. d4 cxd4 4. Nxd4 Nc6 5. g3 Bg7 6. Ne2 Nf6 7. Bg2 O-O 8. O-O d6 9. h3 Rb8 10. a4 Qc7 11. Nbc3 Nb4 12. Bg5 Be6 13. Qd2 a5 14. Rad1 Rfc8 15. Rfe1 Qc4 16. Nd4 Na2 17. Nxa2 Qxa2 18. b3 Qb2 19. Qxa5 Nh5 20. Be3 Bxd4 21. Bxd4 Qxc2 22. e5 Bxb3 23. exd6 exd6 24. Rd2 Qc4 25. Qg5 Re8 26. Rxe8+ Rxe8 27. g4 f6 28. Qh6 Qc1+ 29. Kh2 Ng7 30. Bxf6 Qc7 31. Qf4 Ne6 32. Qb4 d5+ 33. Kg1 Qc1+ 34. Kh2 Qc7+ 35. Kg1 Qc1+ 1/2-1/2

[Event "Czech Open Rapid 2019"]
[Site "Pardubice"]
[Date "2019.07.18"]
[Round "5.25"]
[White "Nemec, Jachym"]
[Black "ZDRAZIL, Tomas"]
[Result "1-0"]
[WhiteElo "1927"]
[BlackElo "2046"]
[Annotator "NA"]
[PlyCount "54"]
[EventDate "2019.07.17"]
[EventType "swiss"]
[EventCountry "CZE"]
[SourceTitle "playchess.com"]
[Source "ChessBase"]
[SourceQuality "1"]

1. e4 c5 2. Nf3 d6 3. d4 cxd4 4. Nxd4 Nf6 5. Nc3 a6 6. h3 e5 7. Nde2 h5 8. Bg5 Nbd7 9. Nd5 Be7 10. Nxe7 Qxe7 11. Nc3 Nb6 12. a4 Be6 13. a5 Nbd7 14. Be2 Rc8 15. O-O Rc6 16. Qd2 Qd8 17. f4 Qc7 18. Bd3 Rc5 19. f5 Bc4 20. Bxc4 Rxc4 21. Rfd1 Rd4 22. Qe3 Rxd1+ 23. Rxd1 O-O 24. Ra1 Qc5 25. Qxc5 Nxc5 26. Bxf6 gxf6 27. Rd1 Rc8 1-0

[Event "Czech Open Rapid 2019"]
[Site "Pardubice"]
[Date "2019.07.18"]
[Round "5.26"]
[White "Vokoun, Jan"]
[Black "Hagarova, Zuzana"]
[Result "0-1"]
[WhiteElo "2072"]
[BlackElo "2326"]
[Annotator "NA"]
[PlyCount "92"]
[EventDate "2019.07.17"]
[EventType "swiss"]
[EventCountry "CZE"]
[SourceTitle "playchess.com"]
[Source "ChessBase"]
[SourceQuality "1"]

1. e4 c5 2. Be2 Nc6 3. f4 d6 4. Nf3 g6 5. c3 Bg7 6. O-O e6 7. Na3 Nge7 8. d3 Rb8 9. Nc2 b5 10. a3 O-O 11. Qe1 a5 12. g4 f5 13. gxf5 exf5 14. Be3 b4 15. axb4 axb4 16. Bd2 b3 17. Na3 d5 18. e5 d4 19. c4 Nb4 20. Qd1 Bb7 21. Bxb4 cxb4 22. Nb5 Nc6 23. Qxb3 Kh8 24. Nd6 Ba8 25. c5 Qe7 26. Ng5 Nxe5 27. Qe6 Bf6 28. Qxe7 Bxe7 29. Ne6 Nd7 30. Nxf8 Bxf8 31. Rac1 Nxc5 32. Rxc5 Bxd6 33. Rc2 Re8 34. Bf3 Bxf4 35. Bxa8 Be3+ 36. Kg2 Rxa8 37. Rc4 b3 38. h4 Kg7 39. h5 Kh6 40. hxg6 hxg6 41. Kf3 Kg5 42. Re1 Rh8 43. Kg3 f4+ 44. Kf3 Rh3+ 45. Kg2 Kg4 46. Kf1 Kf3 0-1

[Event "Czech Open Rapid 2019"]
[Site "Pardubice"]
[Date "2019.07.18"]
[Round "5.26"]
[White "DOVZHENKO, Viktor"]
[Black "Eliseev, Sergey"]
[Result "1-0"]
[WhiteElo "2031"]
[BlackElo "2053"]
[Annotator "NA"]
[PlyCount "65"]
[EventDate "2019.07.17"]
[EventType "swiss"]
[EventCountry "CZE"]
[SourceTitle "playchess.com"]
[Source "ChessBase"]
[SourceQuality "1"]

1. d4 Nf6 2. Bf4 g6 3. Nc3 d5 4. Nf3 c6 5. Qd2 Bg7 6. Bh6 O-O 7. h4 Ne4 8. Nxe4 dxe4 9. Bxg7 Kxg7 10. Ng5 Bf5 11. h5 h6 12. Nh7 g5 13. Nxg5 e3 14. Qxe3 Bxc2 15. Nf3 Nd7 16. Qc3 Be4 17. Nd2 Nf6 18. O-O-O Qd5 19. f3 Bh7 20. e4 Qxa2 21. Bc4 Qa1+ 22. Kc2 Qa4+ 23. Bb3 Qb5 24. g4 Qg5 25. Kb1 Nd5 26. Qc1 Nf4 27. Nc4 f6 28. Ne3 Ne2 29. Qd2 Nf4 30. Nf5+ Bxf5 31. gxf5 Ng2 32. Rhg1 Qxh5 33. Qxg2+ 1-0

[Event "Czech Open Rapid 2019"]
[Site "Pardubice"]
[Date "2019.07.18"]
[Round "5.27"]
[White "Krouzel, Jaroslav"]
[Black "Vavra, Pavel"]
[Result "0-1"]
[WhiteElo "2114"]
[BlackElo "2325"]
[Annotator "TA"]
[PlyCount "94"]
[EventDate "2019.07.17"]
[EventType "swiss"]
[EventCountry "CZE"]
[SourceTitle "playchess.com"]
[Source "ChessBase"]
[SourceQuality "1"]

1. d4 d5 2. Nf3 e6 3. Bf4 c5 4. e3 Nc6 5. c3 Qb6 6. Qc2 Nf6 7. Nbd2 Nh5 8. Bg3 Nxg3 9. hxg3 g6 10. Bd3 Bg7 11. O-O O-O 12. dxc5 Qxc5 13. e4 e5 14. exd5 Qxd5 15. Bc4 Qc5 16. Bd3 h6 17. Nb3 Qe7 18. Rfe1 Be6 19. Be4 Kh7 20. Rad1 a5 21. a4 Rac8 22. Bxc6 Rxc6 23. Nxa5 Ra6 24. b4 Qc7 25. Rc1 Bf5 26. Qe2 Re8 27. Qb5 Re7 28. Qc4 Qb8 29. Qb3 Bg4 30. c4 e4 31. Nh2 Bd7 32. c5 Bd4 33. Nf1 b6 34. cxb6 Qxb6 35. Rxe4 Bxf2+ 36. Kh1 Be6 37. Qc3 Ra8 38. Qf6 Rae8 39. Rc6 Qa7 40. Rf4 Be1 41. Nc4 Bxb4 42. Ne5 Bd5 43. Ra6 Qb7 44. Nc6 Bxc6 45. Rxc6 Ba3 46. Kh2 Bb2 47. Qh4 Qxc6 0-1

[Event "Czech Open Rapid 2019"]
[Site "Pardubice"]
[Date "2019.07.18"]
[Round "5.27"]
[White "Trasak, Ondrej"]
[Black "Hagemann, Sven"]
[Result "0-1"]
[WhiteElo "1978"]
[BlackElo "2014"]
[Annotator "NA RC"]
[PlyCount "148"]
[EventDate "2019.07.17"]
[EventType "swiss"]
[EventCountry "CZE"]
[SourceTitle "playchess.com"]
[Source "ChessBase"]
[SourceQuality "1"]

1. d4 Nf6 2. Bf4 d6 3. Nf3 g6 4. Nbd2 Bg7 5. e4 Nbd7 6. c3 Nh5 7. Bg5 c6 8. Bc4 h6 9. Be3 e5 10. O-O O-O 11. Re1 Kh7 12. dxe5 Nxe5 13. Nxe5 dxe5 14. Bc5 Rh8 15. Bxf7 b6 16. Be3 Rf8 17. Bb3 Nf4 18. Bxf4 Rxf4 19. Nf1 Qf8 20. Qe2 a5 21. Bc4 b5 22. Bd3 a4 23. a3 Be6 24. Rad1 Qc5 25. Qe3 Qe7 26. Ng3 h5 27. Bf1 Raf8 28. f3 Rb8 29. Qd2 Bf8 30. Kh1 Bb3 31. Rb1 Rf6 32. Qg5 Bh6 33. Qh4 Qf7 34. Ne2 Be3 35. Nc1 Bd2 36. Re2 Rxf3 37. gxf3 Qxf3+ 38. Bg2 Qf4 39. Qxf4 Bxf4 40. Nxb3 axb3 41. Rd1 Kh6 42. Rd6 c5 43. Bh3 Kg5 44. Bd7 b4 45. cxb4 cxb4 46. a4 Ra8 47. Rg2+ Kh4 48. Rgxg6 Ra5 49. Rd5 Ra7 50. Rc6 Rxa4 51. Rg6 Ra2 52. Rg2 Ra1+ 53. Rg1 Ra2 54. Rb1 Be3 55. Be6 Ra6 56. Bf7 Rf6 57. Rd7 Rf2 58. Bxb3 Bf4 59. Rf7 Rxh2+ 60. Kg1 Re2 61. Bd5 Kg3 62. Rg7+ Kf3 63. Rf1+ Ke3 64. b3 h4 65. Rh7 Bh2+ 66. Kh1 Bg3 67. Rhf7 Bf4 68. Rf5 Rd2 69. Re1+ Kf2 70. Rg1 Ke3 71. Rg4 h3 72. Kg1 h2+ 73. Kh1 Rd1+ 74. Kg2 h1=Q# 0-1

[Event "Czech Open Rapid 2019"]
[Site "Pardubice"]
[Date "2019.07.18"]
[Round "5.28"]
[White "Odler, Daniel"]
[Black "Strebkovs, Andrejs"]
[Result "0-1"]
[WhiteElo "2047"]
[BlackElo "2295"]
[Annotator "TA"]
[PlyCount "80"]
[EventDate "2019.07.17"]
[EventType "swiss"]
[EventCountry "CZE"]
[SourceTitle "playchess.com"]
[Source "ChessBase"]
[SourceQuality "1"]

1. e4 g6 2. d4 Bg7 3. Nc3 d6 4. f4 c6 5. Nf3 Bg4 6. Be2 Qb6 7. e5 Nh6 8. h3 Bxf3 9. Bxf3 Nf5 10. Ne2 d5 11. c3 h5 12. g4 Nh4 13. Ng3 Nxf3+ 14. Qxf3 h4 15. Nf1 Nd7 16. Rh2 O-O-O 17. Be3 Qa6 18. Qe2 Qxe2+ 19. Rxe2 e6 20. Nd2 Bf8 21. Nf3 Be7 22. g5 b6 23. a4 a5 24. Rc2 Kb7 25. Bf2 Rh7 26. Nh2 c5 27. b3 Rc8 28. Kd1 c4 29. bxc4 Rxc4 30. Ng4 Rh8 31. Ne3 Rc6 32. c4 dxc4 33. Rxc4 Nb8 34. Rxc6 Nxc6 35. d5 exd5 36. Rb1 Bc5 37. Ke1 Nb4 38. Ng4 d4 39. Nh6 Rf8 40. Bxh4 Nd3+ 0-1

[Event "Czech Open Rapid 2019"]
[Site "Pardubice"]
[Date "2019.07.18"]
[Round "5.28"]
[White "Mandak, Miroslav"]
[Black "Svoboda, Petr"]
[Result "1/2-1/2"]
[WhiteElo "1993"]
[BlackElo "2088"]
[Annotator "NA RC"]
[PlyCount "24"]
[EventDate "2019.07.17"]
[EventType "swiss"]
[EventCountry "CZE"]
[SourceTitle "playchess.com"]
[Source "ChessBase"]
[SourceQuality "1"]

1. d4 Nf6 2. Nf3 g6 3. c4 Bg7 4. Nc3 d6 5. e4 O-O 6. h3 Nbd7 7. Be3 e5 8. dxe5 Nxe5 9. Nxe5 dxe5 10. Qxd8 Rxd8 11. Be2 c6 12. O-O Be6 1/2-1/2

[Event "Czech Open Rapid 2019"]
[Site "Pardubice"]
[Date "2019.07.18"]
[Round "5.29"]
[White "Lymar, Vladislav"]
[Black "Punin, Andrii"]
[Result "0-1"]
[WhiteElo "2050"]
[BlackElo "2271"]
[Annotator "NA"]
[PlyCount "52"]
[EventDate "2019.07.17"]
[EventType "swiss"]
[EventCountry "CZE"]
[SourceTitle "playchess.com"]
[Source "ChessBase"]
[SourceQuality "1"]

1. e4 d5 2. exd5 Qxd5 3. Nf3 Bg4 4. Be2 Nc6 5. O-O O-O-O 6. h3 Bh5 7. c3 e5 8. b4 e4 9. Ne1 Bxe2 10. Qxe2 f5 11. Na3 Nf6 12. Nc4 f4 13. f3 exf3 14. Nxf3 Re8 15. Ne3 fxe3 16. dxe3 Ne5 17. Nd4 Ne4 18. Qc2 Bd6 19. Rd1 Nc4 20. a4 Rhf8 21. Nf3 Qe6 22. Ra2 Qg6 23. Qe2 Qg3 24. Qxc4 Rxf3 25. Rxd6 Nxd6 26. Qe2 Ref8 0-1

[Event "Czech Open Rapid 2019"]
[Site "Pardubice"]
[Date "2019.07.18"]
[Round "5.29"]
[White "Effenberger, Adam"]
[Black "Yakimenko, Alexander A."]
[Result "1-0"]
[WhiteElo "1797"]
[BlackElo "2057"]
[Annotator "NA RC"]
[PlyCount "123"]
[EventDate "2019.07.17"]
[EventType "swiss"]
[EventCountry "CZE"]
[SourceTitle "playchess.com"]
[Source "ChessBase"]
[SourceQuality "1"]

1. e4 e6 2. d4 d5 3. Nc3 Bb4 4. e5 c5 5. a3 Bxc3+ 6. bxc3 Qa5 7. Bd2 Qa4 8. Be3 Nc6 9. Nf3 Nge7 10. dxc5 Ng6 11. Bd4 Bd7 12. Bd3 O-O 13. O-O f5 14. Qd2 Na5 15. Rfb1 Qc6 16. Rb4 Qc7 17. Rab1 Bc6 18. Qg5 Rfe8 19. h4 Nf8 20. h5 h6 21. Qg3 Qf7 22. Qh4 Nd7 23. Kh2 Qf8 24. c4 dxc4 25. Bxc4 Nxc4 26. Rxc4 Rac8 27. Rc3 Bd5 28. g4 Nxc5 29. gxf5 Qxf5 30. Rxc5 Rxc5 31. Bxc5 Bxf3 32. Rb4 Qxe5+ 33. Qf4 Qxh5+ 34. Kg3 Qxc5 35. Qxf3 Rf8 36. Qe2 Qd5 37. Rg4 Rf6 38. Qe3 b6 39. Qc3 Qd6+ 40. Kh3 e5 41. Qc8+ Kh7 42. Qb7 Rf3+ 43. Qxf3 Qe6 44. Kg3 h5 45. Qe4+ g6 46. Rg5 Kh6 47. Rxe5 Qd6 48. Qf4+ Kg7 49. Qe3 Kf6 50. f4 Kf7 51. Qd3 Qc7 52. Qd5+ Kg7 53. Qd3 Kf7 54. Qb3+ Kg7 55. Qb4 Kf7 56. Qe4 Qc3+ 57. Qd3 Qc7 58. Qd5+ Kg7 59. Re6 Qc3+ 60. Kh4 Qxc2 61. Qe5+ Kh7 62. Re7+ 1-0

[Event "Czech Open Rapid 2019"]
[Site "Pardubice"]
[Date "2019.07.18"]
[Round "5.30"]
[White "Poleg, Matan"]
[Black "Castrillon Gomez, Melissa"]
[Result "1/2-1/2"]
[WhiteElo "2029"]
[BlackElo "2245"]
[Annotator "NA"]
[PlyCount "69"]
[EventDate "2019.07.17"]
[EventType "swiss"]
[EventCountry "CZE"]
[SourceTitle "playchess.com"]
[Source "ChessBase"]
[SourceQuality "1"]

1. d4 Nf6 2. Nf3 g6 3. Bf4 Bg7 4. e3 d6 5. Be2 O-O 6. c4 Nfd7 7. Nc3 Nc6 8. h3 e5 9. Bh2 f5 10. O-O Kh8 11. Rb1 f4 12. exf4 Nxd4 13. Nxd4 exd4 14. Nb5 c5 15. Nxd6 Nf6 16. Nxc8 Rxc8 17. Bf3 b6 18. Re1 Ne8 19. f5 gxf5 20. Bb7 Nf6 21. Bxc8 Qxc8 22. Be5 Rg8 23. Qf3 Ne4 24. Bxg7+ Rxg7 25. Rbd1 Qg8 26. Rxe4 fxe4 27. Qxe4 Qxc4 28. Re1 Qxa2 29. Qe8+ Qg8 30. Qc6 Qf7 31. Re6 Rg8 32. Qd6 Rf8 33. Qe5+ Qg7 34. Qe4 d3 35. Re8 1/2-1/2

[Event "Czech Open Rapid 2019"]
[Site "Pardubice"]
[Date "2019.07.18"]
[Round "5.30"]
[White "CHRZ, Pavel"]
[Black "Ilkiv, Andrii"]
[Result "0-1"]
[WhiteElo "2008"]
[BlackElo "1703"]
[Annotator "NA"]
[PlyCount "98"]
[EventDate "2019.07.17"]
[EventType "swiss"]
[EventCountry "CZE"]
[SourceTitle "playchess.com"]
[Source "ChessBase"]
[SourceQuality "1"]

1. e4 c5 2. d4 cxd4 3. c3 dxc3 4. Nxc3 e6 5. Nf3 a6 6. Bc4 Ne7 7. Bg5 Qc7 8. Qe2 Ng6 9. Rc1 Nc6 10. O-O Bd6 11. Bb3 O-O 12. Rfd1 Bf4 13. Rc2 Bxg5 14. Nxg5 Qf4 15. Nh3 Qf6 16. a4 Nd4 17. Rxd4 Qxd4 18. Rd2 Qb4 19. Bc4 b6 20. g3 Rd8 21. Ng5 Qe7 22. Qh5 h6 23. Nf3 Qc5 24. Qxc5 bxc5 25. Rd6 Bb7 26. h4 Kf8 27. h5 Ne7 28. Ne5 Ke8 29. f4 Nc8 30. Rd1 d6 31. Nxf7 Kxf7 32. f5 Ne7 33. Bxe6+ Ke8 34. g4 Rab8 35. g5 Bc8 36. Bxc8 Rbxc8 37. f6 gxf6 38. gxf6 Ng8 39. Nd5 Kf7 40. Kh2 Re8 41. Rg1 Nxf6 42. Rf1 Re6 43. Nf4 Rxe4 44. Nd5 Re6 45. Nf4 Re5 46. Kh3 Rg8 47. Rd1 Re3+ 48. Kh2 Ng4+ 49. Kg2 Rg3+ 0-1

[Event "Czech Open Rapid 2019"]
[Site "Pardubice"]
[Date "2019.07.18"]
[Round "5.31"]
[White "Brejnik, Gustav"]
[Black "Skliba, Martin"]
[Result "1-0"]
[WhiteElo "2017"]
[BlackElo "2306"]
[Annotator "TA"]
[PlyCount "125"]
[EventDate "2019.07.17"]
[EventType "swiss"]
[EventCountry "CZE"]
[SourceTitle "playchess.com"]
[Source "ChessBase"]
[SourceQuality "1"]

1. d4 Nf6 2. c4 g6 3. g3 d5 4. cxd5 Nxd5 5. Bg2 Bg7 6. Nf3 O-O 7. O-O Nb6 8. Nc3 Nc6 9. e3 e5 10. d5 e4 11. dxc6 Qxd1 12. Rxd1 exf3 13. Bxf3 bxc6 14. Bxc6 Rb8 15. Nb5 Nc4 16. Nd4 Nxb2 17. Rb1 Nxd1 18. Rxb8 Be6 19. Rxf8+ Kxf8 20. Ba3+ Kg8 21. Nxe6 fxe6 22. Bc5 a5 23. Ba4 Nc3 24. Bb3 Kf7 25. f3 Nd5 26. e4 Nb6 27. Kf2 a4 28. Bc2 Bf8 29. Bxf8 Kxf8 30. Ke3 c5 31. Kf4 Ke7 32. Kg5 Kf7 33. Kh6 Kg8 34. h4 c4 35. h5 gxh5 36. Kxh5 c3 37. Kg5 Kf7 38. Kf4 Nc4 39. Bxa4 e5+ 40. Kf5 c2 41. Bxc2 Ne3+ 42. Kxe5 Nxc2 43. a4 Nb4 44. Kd6 h5 45. Kc5 Nd3+ 46. Kb5 Ke6 47. a5 Kd7 48. Kb6 Kc8 49. a6 Kb8 50. f4 h4 51. gxh4 Nxf4 52. a7+ Ka8 53. Ka6 Nd3 54. Kb6 Ne5 55. h5 Nf7 56. Ka6 Ne5 57. h6 Ng6 58. h7 Nf8 59. h8=N Ne6 60. Kb6 Ng5 61. e5 Ne6 62. Nf7 Nf4 63. Nh8 1-0

[Event "Czech Open Rapid 2019"]
[Site "Pardubice"]
[Date "2019.07.18"]
[Round "5.31"]
[White "JUN, Rudolf Jr."]
[Black "CHUBAR, Vladimir"]
[Result "1-0"]
[WhiteElo "1776"]
[BlackElo "1994"]
[Annotator "NA"]
[PlyCount "93"]
[EventDate "2019.07.17"]
[EventType "swiss"]
[EventCountry "CZE"]
[SourceTitle "playchess.com"]
[Source "ChessBase"]
[SourceQuality "1"]

1. e4 e6 2. Nf3 d5 3. e5 c5 4. b4 b6 5. a3 Ne7 6. c3 d4 7. cxd4 cxd4 8. Bb2 Ng6 9. Nxd4 Be7 10. Bb5+ Bd7 11. Bxd7+ Qxd7 12. Qf3 Qd5 13. Qxd5 exd5 14. O-O O-O 15. Nf5 Bg5 16. g3 a5 17. b5 Nd7 18. f4 Be7 19. Nc3 d4 20. Nd5 Bc5 21. Bxd4 Rfd8 22. Bxc5 Nxc5 23. Nfe3 Nd3 24. Nxb6 Rab8 25. Ned5 Kf8 26. Rf3 Nc5 27. Rc1 Nd7 28. Rc6 Nxb6 29. Rxb6 Rxb6 30. Nxb6 Rxd2 31. Nc4 Rd1+ 32. Kf2 a4 33. b6 Rb1 34. Rd3 Ke7 35. f5 Nf8 36. Ke3 Nd7 37. Rd4 Nxb6 38. Nxb6 Rxb6 39. Rxa4 g5 40. Ra7+ Ke8 41. a4 h5 42. a5 Rb2 43. a6 Rxh2 44. Ra8+ Ke7 45. a7 Ra2 46. f6+ Kd7 47. Rf8 1-0

[Event "Czech Open Rapid 2019"]
[Site "Pardubice"]
[Date "2019.07.18"]
[Round "5.32"]
[White "Malygin, Vladislav"]
[Black "Varitski, Igor"]
[Result "1-0"]
[WhiteElo "1795"]
[BlackElo "2244"]
[Annotator "NA"]
[PlyCount "40"]
[EventDate "2019.07.17"]
[EventType "swiss"]
[EventCountry "CZE"]
[SourceTitle "playchess.com"]
[Source "ChessBase"]
[SourceQuality "1"]

1. c4 f5 2. d4 Nf6 3. Nf3 e6 4. g3 c6 5. Bg2 d5 6. O-O Bd6 7. Nc3 O-O 8. b3 b6 9. Qc2 Ne4 10. Ne5 Nxc3 11. Qxc3 Qe7 12. Bb2 Bb7 13. Rac1 Nd7 14. cxd5 Nxe5 15. dxe5 Bb4 16. d6 Bxc3 17. dxe7 Bxb2 18. exf8=Q+ Kxf8 19. Rc2 Bxe5 20. Bxc6 Ba6 1-0

[Event "Czech Open Rapid 2019"]
[Site "Pardubice"]
[Date "2019.07.18"]
[Round "5.32"]
[White "BROZKA, Karel"]
[Black "Valenta, Vit"]
[Result "0-1"]
[WhiteElo "1709"]
[BlackElo "2147"]
[Annotator "NA"]
[PlyCount "106"]
[EventDate "2019.07.17"]
[EventType "swiss"]
[EventCountry "CZE"]
[SourceTitle "playchess.com"]
[Source "ChessBase"]
[SourceQuality "1"]

1. d4 Nf6 2. Nf3 g6 3. Bf4 Bg7 4. Nbd2 d6 5. e4 O-O 6. Bd3 Nc6 7. c3 e5 8. Be3 Ng4 9. O-O Nxe3 10. fxe3 Qe7 11. Qb3 b6 12. Qc2 Bh6 13. Rae1 Bb7 14. b4 a6 15. a4 a5 16. b5 Nd8 17. Bc4 Ne6 18. Bd5 Nd8 19. Bxb7 Nxb7 20. Qb3 Bg7 21. Nc4 Nd8 22. Re2 Ne6 23. Qc2 f6 24. Qb3 Kh8 25. Qc2 Rad8 26. Ref2 Bh6 27. Kh1 Qg7 28. Qa2 Qg8 29. Qe2 Bg7 30. g4 Rde8 31. d5 Nc5 32. Qc2 Qf7 33. Nb2 Qd7 34. h3 Bh6 35. Nd1 f5 36. gxf5 gxf5 37. Nd2 f4 38. Kh2 Rg8 39. Rf3 Rg3 40. Rxg3 fxg3+ 41. Kg2 Qg7 42. Rf3 Rg8 43. Nb2 Qg6 44. Nd1 Qh5 45. c4 Bg5 46. Nc3 Qh6 47. Nf1 Bh4 48. Qe2 Qg6 49. Rf5 Nxe4 50. Nxe4 Qxf5 51. Qf3 Qxf3+ 52. Kxf3 g2 53. Nfd2 g1=Q 0-1